| 000 | 01026nam0a22002771 4500 | ||
|---|---|---|---|
| 001 | RU\INFOCOMM_318\NLR\5000075260 | ||
| 005 | 20250613102522.0 | ||
| 035 | _a(NLR Aleph) 009445293 | ||
| 090 |
_a8370900 _c8370900 |
||
| 100 | _a20121128d1968 |||y0rusy50 ca | ||
| 101 | 0 | _aeng | |
| 102 | _aRU | ||
| 105 | _ay z ||||| | ||
| 200 | 1 |
_aInstruction on the standardization of amplitude characteristics of highly sensitive short-period seismographs _f[Composed end ed. by: Z. I. Aranovich] [a. o.] _gAcad. of science of the USSR. Inst. of the physics of the Earth _gAcad. of science of the Czechoslovakia. Geophysical inst. |
|
| 210 |
_aM. _d1968 |
||
| 215 |
_a16 с. _cграф. _d26 см |
||
| 620 | _aМосква | ||
| 686 |
_aД217со _2rubbk |
||
| 702 | 1 |
_9z01790 _aAranovič _bZ. I. _4220 |
|
| 712 | 0 | 2 |
_aInstitute of the physics of the Earth _cMoscow _4570 |
| 790 | 1 |
_9z01702 _aAranovich _bZ. I. _4220 |
|
| 801 | 1 |
_aRU _bNLR _c20121128 |
|
| 801 | 0 |
_aRU _bINFOCOMM _gPSBO |
|
| 852 |
_aNLR _jГн11 Д-8/92 |
||
| 942 | _cBOOK | ||
| 980 | _aNB | ||